|
|
|
|
| LEADER |
00000nam0a2200000 4500 |
| 001 |
151468 |
| 005 |
20231031150730.0 |
| 035 |
|
|
|a (RuTPU)RU\TPU\book\164234
|
| 090 |
|
|
|a 151468
|
| 100 |
|
|
|a 20090123d1968 em y0rusy50 ca
|
| 101 |
1 |
|
|a rus
|c fre
|
| 102 |
|
|
|a RU
|
| 105 |
|
|
|a a z 001zy
|
| 200 |
1 |
|
|a Мария Кюри
|e пер. с фр.
|f Е. Кюри
|
| 205 |
|
|
|a 2-е изд.
|
| 210 |
|
|
|a Москва
|c Атомиздат
|d 1968
|
| 215 |
|
|
|a 352 с.
|c ил.
|
| 320 |
|
|
|a Библиогр.: с. 350.
|
| 600 |
|
1 |
|a Склодовская-Кюри
|g Мария
|b М.
|c французский физик
|c химик
|f 1876-1934
|c Нобелевский лауреат
|2 stltpush
|3 (RuTPU)RU\TPU\pers\1471
|
| 610 |
1 |
|
|a физическая наука
|
| 610 |
1 |
|
|a Франция
|
| 610 |
1 |
|
|a радиоактивность
|
| 610 |
1 |
|
|a исследование
|
| 610 |
1 |
|
|a история
|
| 675 |
|
|
|a 53(092)
|v 3
|
| 675 |
|
|
|a 539.16(092)
|v 3
|
| 700 |
|
1 |
|a Кюри
|b Е.
|g Ева
|
| 702 |
|
1 |
|a Корш
|b Е.Ф.
|4 730
|
| 702 |
|
1 |
|a Алпатов
|b В. В.
|4 340
|
| 801 |
|
1 |
|a RU
|b 63413507
|c 20090123
|g PSBO
|
| 801 |
|
2 |
|a RU
|b 63413507
|c 20150917
|g PSBO
|
| 942 |
|
|
|c BK
|